000 00874nmm a2200277 a 4500
001 ocm0001221630
003 TR-IsHL
005 20201028155015.0
008 110704s2011 tu tur
007 cr cn
035 _a1221630
_b(N$T)
050 0 4 _aPL248.E77
_bS2 2011
090 0 4 _aPL248.E77
_bS2 2011
100 1 _aErsoy, Mehmed Akif
245 1 0 _aAçıklamalı safahat lügatı
_h[electronic resource] /
_cMehmed Akif Ersoy ; hazırlayan Talip Mert
250 _a1. bs.
260 _aİstanbul :
_bYağmur Yayınevi,
_c2011
300 _a392 p.
650 4 _aDil ve Edebiyat
650 4 _aLanguage and Literature
650 0 _aTürk şiiri
650 0 _aTurkish poetry
650 7 _aPOETRY / Middle Eastern
_2bisacsh
700 1 _aMert, Talip
856 4 0 _uhttp://search.ebscohost.com/login.aspx?direct=true&scope=site&db=e011xww&AN=1221630
999 _c12866
_d12866